Statystyki dla Skąd pochodzi ten piłkarz?

Kliknij tutaj aby rozwiązać quiz!

Ogólne statystyki

  • Ten quiz został rozwiązany 425 razy
  • Średni wynik to 18 z 25

Statystyki odpowiedzi

PiłkarzKraj pochodzenia% Poprawnych
Michał ŻyroPolska
99%
Laurent KoscielnyFrancja
95%
Marco VerattiWłochy
95%
Igor AkinfeevRosja
91%
Marco SabitzerAustria
90%
Serge GnabryNiemcy
90%
Dusan TadicSerbia
89%
Marcos RojoArgentyna
88%
Nelson SemedoPortugalia
85%
Alphonso DaviesKanada
84%
Kasper DolbergDania
83%
Divoc OrigiBelgia
82%
Antonio ValenciaEkwador
80%
Odion IghaloNigeria
70%
John McGinnSzkocja
70%
Vedran CorlukaChorwacja
69%
Islam SlimaniAlgieria
67%
Nemanja NikolicWęgry
61%
Kangin LeeKorea Południowa
57%
Andre AyewGhana
56%
Fredry GuarinKolumbia
52%
Jefferson FarfanPeru
50%
Winston ReidNowa Zelandia
43%
Mario LeminaGabon
41%
Niklas MoisanderFinlandia
40%

Rozkład punktacji

Percentyl według liczby udzielonych odpowiedzi

Procent ludzi z każdym wynikiem

Twoja historia wyników

Nie rozwiązałeś tego quizu